003700000a2200133000450024500480000065000160004865000210006465000120008565100290009765300260012604100130015210000190016577300520018410aOccurrence of the mountain lion in Nebraska14aMamíferos14aNuevos registros14aFelinos 4dNebraskapEstados Unidos gFeliseFelis concolor0 aInglés1 aJones, J. Knox1 tJournal of Mammalogy3106h3q313-313d1949g30